Vista normal
Vista MARC
Entrada Personal Name
Número de registros utilizados en: 1
001 - CONTROL NUMBER
- control field: 16780
003 - CONTROL NUMBER IDENTIFIER
- control field: DLC
005 - DATE AND TIME OF LATEST TRANSACTION
- control field: 20250220165157.0
008 - FIXED-LENGTH DATA ELEMENTS
- fixed length control field: 850312n| azannaabn |a aaa c
010 ## - LIBRARY OF CONGRESS CONTROL NUMBER
- LC control number: n 85055547
- Canceled/invalid LC control number: n 84142246
- Canceled/invalid LC control number: n 88170956
035 ## - SYSTEM CONTROL NUMBER
- System control number: (OCoLC)oca01292825
040 ## - CATALOGING SOURCE
- Original cataloging agency: NjP
- Language of cataloging: spa
- Description conventions: rda
- Transcribing agency: Mx-PuUPA
- Modifying agency: DLC
- Modifying agency: OCoLC
- Modifying agency: UPB
- Modifying agency: DLC
- Modifying agency: Mx-PuUPA
046 ## - SPECIAL CODED DATES
- Birth date: 1946
100 1# - HEADING--PERSONAL NAME
- Personal name: Fornet-Betancourt, Raúl,
- Dates associated with a name: 1946-
370 ## - ASSOCIATED PLACE
- Place of birth: Holguín, Cuba
372 ## - FIELD OF ACTIVITY
- Field of activity: El campo de la cultura y sobre todo por su propuesta de un diálogo intercultural desde la Filosofía latinoamericana
373 ## - ASSOCIATED GROUP
- Associated group: Universidad de Salamanca
374 ## - OCCUPATION
- Occupation: Autor
- Occupation: Filósofo cubano
375 ## - GENDER
- Gender: hombre
377 ## - ASSOCIATED LANGUAGE
- Language code: spa
400 1# - SEE FROM TRACING--PERSONAL NAME
- Personal name: Betancourt, Raúl Fornet-,
- Dates associated with a name: 1946-
400 1# - SEE FROM TRACING--PERSONAL NAME
- Personal name: Fornet-Betancourt, R.
- Fuller form of name: (Raúl),
- Dates associated with a name: 1946-
670 ## - SOURCE DATA FOUND
- Source citation: His Kommentierte Bibliographie zur Philosophie in Lateinamerika 1985:
- Information found: t.p. (Raúl Fornet-Betancourt) p. 4 of cover (b. 1946)
670 ## - SOURCE DATA FOUND
- Source citation: His Problemas actuales de la filosofía en Hispano América, c1985:
- Information found: t.p. (Raúl Fornet Betancourt) cover p. 4 (Cuban, b. 1946; studies at Salamanca; settled in Germany, professor of history of philosophy at Catholic University of Eichstätt)
670 ## - SOURCE DATA FOUND
- Source citation: Humanisierung und Gesellschaft in Kuba heute, 2008:
- Information found: t.p. (Raúl Fornet-Betancourt) spine (R. Fornet-Betancourt)